000 00465nam a2200181 a 4500
005 20260322212011.0
008 data
010 _a69-10505
090 _aHQ 792 B466c 1969
100 1 _aBettelheim, Bruno
245 1 4 _aThe children of the dream/
_cBruno Bettelheim.
260 _aNEW York
_bMacmillan
_cc1969
300 _axii, 363 p.
500 _aBibliography: p. 339-345.
650 4 _aChildren in Israel.
650 4 _aCollective settlements
_zIsrael
001 data
999 _c213
_d213